|
|
|
|
| LEADER |
01617nam a2200409 i 4500 |
| 001 |
EBC5501851 |
| 003 |
MiAaPQ |
| 005 |
20200520144314.0 |
| 006 |
m o d | |
| 007 |
cr cnu|||||||| |
| 008 |
180924s2018 ne o 000 0 eng d |
| 020 |
|
|
|z 9789089649362
|
| 020 |
|
|
|a 9789048528295 (e-book)
|
| 035 |
|
|
|a (MiAaPQ)EBC5501851
|
| 035 |
|
|
|a (Au-PeEL)EBL5501851
|
| 035 |
|
|
|a (CaPaEBR)ebr11603415
|
| 035 |
|
|
|a (OCoLC)1050360918
|
| 040 |
|
|
|a MiAaPQ
|b eng
|e rda
|e pn
|c MiAaPQ
|d MiAaPQ
|
| 050 |
|
4 |
|a PN1995.9.N36
|b .L44 2018
|
| 082 |
0 |
|
|a 791.43658
|2 23
|
| 100 |
1 |
|
|a Lee, Jason,
|e author.
|
| 245 |
1 |
0 |
|a Nazism and neo-nazism in film and media /
|c Jason Lee.
|
| 264 |
|
1 |
|a Amsterdam :
|b Amsterdam University Press,
|c [2018]
|
| 264 |
|
4 |
|c 2018
|
| 300 |
|
|
|a 1 online resource (200 pages)
|
| 336 |
|
|
|a text
|b txt
|2 rdacontent
|
| 337 |
|
|
|a computer
|b c
|2 rdamedia
|
| 338 |
|
|
|a online resource
|b cr
|2 rdacarrier
|
| 588 |
|
|
|a Description based on print version record.
|
| 590 |
|
|
|a Electronic reproduction. Ann Arbor, MI : ProQuest, 2018. Available via World Wide Web. Access may be limited to ProQuest affiliated libraries.
|
| 650 |
|
0 |
|a National socialism in motion pictures.
|
| 650 |
|
0 |
|a National socialism in popular culture.
|
| 650 |
|
0 |
|a National socialism on television.
|
| 655 |
|
4 |
|a Electronic books.
|
| 776 |
0 |
8 |
|i Print version:
|a Lee, Jason.
|t Nazism and neo-nazism in film and media.
|d Amsterdam : Amsterdam University Press, c2018
|h 200 pages
|z 9789089649362
|
| 797 |
2 |
|
|a ProQuest (Firm)
|
| 856 |
4 |
0 |
|u https://ebookcentral.proquest.com/lib/matrademy/detail.action?docID=5501851
|z Click to View
|